| 000 | 00483 a2200169 4500 | ||
|---|---|---|---|
| 005 | 20260427152257.0 | ||
| 008 | 260427b |||||||| |||| 00| 0 eng d | ||
| 020 | _a9780822349228 | ||
| 040 | _cSDCL | ||
| 041 |
_2eng _aeng |
||
| 084 | _aNA2,J Q1 | ||
| 100 |
_aKavuri-Bauer, Santhi _91235785 |
||
| 245 |
_aMonumental Matters : _bThe Power, Subjectivity, and Space of India's Mughal Architecture |
||
| 260 |
_aLondon : _bDuke, _c2011. |
||
| 300 | _ax, 216p. | ||
| 942 |
_cTEXL _2CC |
||
| 999 |
_c1848548 _d1848548 |
||